Andrea Palladio: 1508-1580. Arquitecto entre el Renacimiento y el Barroco
Guardat en:
| Autors principals: | , , |
|---|---|
| Format: | Llibre |
| Idioma: | espanyol |
| Publicat: |
Colonia
Taschen
2009
|
| Matèries: | |
| Etiquetes: |
Afegir etiqueta
Sense etiquetes, Sigues el primer a etiquetar aquest registre!
|
MARC
| LEADER | 00000cam a2200000 a 4500 | ||
|---|---|---|---|
| 001 | UCF7147 | ||
| 003 | CL-VaPUC | ||
| 008 | 130606e20090000GW |||||||||||||||||spa|d | ||
| 020 | |a 9783836505499 | ||
| 082 | 0 | 4 | |a 724.1 |b WUN |2 21 |
| 100 | 0 | |a Wundram, Manfred |e author |9 569128 | |
| 700 | 0 | |a Pape, Thomas |e author |9 569129 | |
| 700 | 0 | |a Marton, Paolo |e author |9 569130 | |
| 245 | 1 | 0 | |a Andrea Palladio: 1508-1580. Arquitecto entre el Renacimiento y el Barroco |
| 300 | |a 248 p | ||
| 942 | |c BK | ||
| 945 | |d 20130606 00:00:00 |a dcastane | ||
| 260 | |a Colonia |b Taschen |c 2009 | ||
| 650 | 0 | |a Arquitectura renacentista |9 265337 | |
| 650 | 0 | |a Arquitectura barroca |9 266043 | |
| 650 | 0 | |a Arquitectos italianos |9 407414 | |
| 583 | |a last modification |c 20130606 11:56:00 |k Rodrigo Vera | ||
| 999 | |c 352066 |d 352064 | ||
| 952 | |0 0 |1 0 |4 0 |6 724_100000000000000_WUN_2009 |7 0 |8 A |9 456591 |a BIBARQ |b BIBARQ |d 2019-11-22 |i 4977726 |l 3 |o 724.1 WUN 2009 |p 4977726 |r 2025-01-20 |s 2022-09-09 |w 2019-11-22 |y BK |k ARQ | ||